[Event "Niedersachsen-ch Seniors op 11th"]
[Site "Bad Bevensen"]
[Date "2008.07.08"]
[Round "1"]
[White "Berg, Gerd"]
[Black "Bodenstein, Joachim"]
[Result "0-1"]
[WhiteElo "1427"]
[BlackElo "1789"]
[PlyCount "40"]
[EventDate "2008.07.08"]
[EventType "swiss"]
[EventRounds "9"]
[EventCountry "GER"]
[SourceTitle "EXT 2022"]
[Source "ChessBase"]
[SourceDate "2021.10.06"]
[SourceVersion "1"]
[SourceVersionDate "2021.10.06"]
[SourceQuality "1"]

1. c4 Nc6 2. Nc3 e5 3. g3 f5 4. d3 Nf6 5. Bg2 Bc5 6. Nf3 0-0 7. e3 d6 8. 0-0 a6 9. a3 Ne7 10. d4 exd4 11. Nxd4 Ng6 12. b4 Ba7 13. Nd5 c6 14. Nf4 Nxf4 15. exf4 Ne4 16. Bb2 Re8 17. Qc2 Bd7 18. Bxe4 Rxe4 19. Qc3 Bxd4 20. Qc2 Qf6 0-1

[Event "Niedersachsen-ch Seniors op 10th"]
[Site "Bad Bevensen"]
[Date "2007.07.11"]
[Round "9"]
[White "Bodenstein, Joachim"]
[Black "Storjohann, Klaus"]
[Result "1/2-1/2"]
[WhiteElo "1871"]
[BlackElo "1767"]
[PlyCount "56"]
[EventDate "2007.07.03"]
[EventType "swiss"]
[EventRounds "9"]
[EventCountry "GER"]
[SourceTitle "EXT 2022"]
[Source "ChessBase"]
[SourceDate "2021.10.06"]
[SourceVersion "1"]
[SourceVersionDate "2021.10.06"]
[SourceQuality "1"]

1. e4 e6 2. d4 d5 3. Nc3 dxe4 4. Nxe4 Nf6 5. Nxf6+ gxf6 6. Nf3 c5 7. Bb5+ Nc6 8. 0-0 a6 9. Bxc6+ bxc6 10. dxc5 Qxd1 11. Rxd1 Bxc5 12. Nd2 Bb7 13. Ne4 Be7 14. Be3 c5 15. Nxc5 Bxc5 16. Bxc5 Rg8 17. g3 Rg5 18. Ba3 Rd5 19. c4 Rxd1+ 20. Rxd1 Rd8 21. Rxd8+ Kxd8 22. b4 Be4 23. Bb2 f5 24. f4 Bd3 25. c5 Kd7 26. Kf2 Bb5 27. Kg2 Bc4 28. a3 Kc6 1/2-1/2

[Event "Niedersachsen-ch Seniors op 10th"]
[Site "Bad Bevensen"]
[Date "2007.07.05"]
[Round "3"]
[White "Bodenstein, Joachim"]
[Black "Szenetra, Werner"]
[Result "0-1"]
[WhiteElo "1871"]
[BlackElo "2152"]
[PlyCount "90"]
[EventDate "2007.07.03"]
[EventType "swiss"]
[EventRounds "9"]
[EventCountry "GER"]
[SourceTitle "EXT 2022"]
[Source "ChessBase"]
[SourceDate "2021.10.06"]
[SourceVersion "1"]
[SourceVersionDate "2021.10.06"]
[SourceQuality "1"]

1. Nc3 g6 2. e4 Bg7 3. d4 d6 4. f4 Nf6 5. e5 dxe5 6. dxe5 Qxd1+ 7. Kxd1 Ng4 8. Nd5 Kd8 9. Ke1 c6 10. Nc3 f6 11. h3 Nh6 12. Nf3 Nf7 13. Bc4 Rf8 14. Rf1 fxe5 15. Bxf7 Rxf7 16. Ng5 Rf8 17. Nxh7 Rh8 18. Ng5 Ke8 19. Ne2 Na6 20. fxe5 Nb4 21. Nd4 Bxe5 22. Ngf3 Bg3+ 23. Ke2 b6 24. c4 c5 25. Bd2 cxd4 26. Bxb4 e5 27. Bd6 Kd7 28. Nxd4 Kxd6 29. Nb5+ Kc5 30. Nc7 Rb8 31. Rad1 Kc6 32. Rf7 Rb7 33. Rf3 Rxc7 34. Rxg3 Bf5 35. Re3 Re8 36. b3 Rd7 37. Rxd7 Bxd7 38. Rf3 a5 39. Rf6+ Re6 40. Rf8 Kc5 41. g3 a4 42. Rd8 axb3 43. Rxd7 b2 44. Rd1 Kxc4 45. Rb1 Kc3 0-1

[Event "GER-ch Seniors 18th"]
[Site "Dresden"]
[Date "2006.07.28"]
[Round "7"]
[White "Krueger, Sigurd"]
[Black "Bodenstein, Joachim"]
[Result "0-1"]
[WhiteElo "1842"]
[BlackElo "1908"]
[PlyCount "110"]
[EventDate "2006.07.22"]
[EventType "swiss"]
[EventRounds "9"]
[EventCountry "GER"]
[SourceTitle "EXT 2022"]
[Source "ChessBase"]
[SourceDate "2021.10.06"]
[SourceVersion "1"]
[SourceVersionDate "2021.10.06"]
[SourceQuality "1"]

1. d4 d5 2. c4 Nc6 3. Nf3 Bg4 4. e3 e5 5. dxe5 dxc4 6. Qxd8+ Rxd8 7. Nbd2 Nb4 8. Rb1 Nc2+ 9. Kd1 Bf5 10. Bxc4 Nxe3+ 11. fxe3 Bxb1 12. Ng5 Nh6 13. Ke2 Bg6 14. e6 Be7 15. exf7+ Bxf7 16. Nxf7 Nxf7 17. Rf1 Ne5 18. Bb3 Rf8 19. Nf3 Nd3 20. Bd2 g6 21. Bc2 Ne5 22. Bc3 Nxf3 23. gxf3 Bf6 24. Bb4 Be7 25. Bc3 Bf6 26. Bb4 Rf7 27. b3 Rfd7 28. Rh1 c5 29. Ba5 b6 30. Be1 Kf8 31. h4 Kg7 32. f4 Re7 33. Kf3 Bb2 34. h5 b5 35. hxg6 hxg6 36. Rg1 Rxe3+ 37. Kf2 Re6 38. Kf3 Bd4 39. Rf1 Rf8 40. Bh4 Rh8 41. Kg4 Bf6 42. Bf2 Bd4 43. Bh4 Re3 44. f5 gxf5+ 45. Rxf5 Re6 46. Rg5+ Kf8 47. Rf5+ Ke8 48. Bd3 a6 49. a4 Re3 50. Bf1 Re4+ 51. Kf3 Rhxh4 52. axb5 Re3+ 53. Kg2 Rg4+ 54. Kh1 Reg3 55. Kh2 Bg1+ 0-1

[Event "GER-ch Seniors 18th"]
[Site "Dresden"]
[Date "2006.07.26"]
[Round "5"]
[White "Bodenstein, Joachim"]
[Black "Neudel, Bernd"]
[Result "1-0"]
[WhiteElo "1908"]
[BlackElo "1789"]
[PlyCount "57"]
[EventDate "2006.07.22"]
[EventType "swiss"]
[EventRounds "9"]
[EventCountry "GER"]
[SourceTitle "EXT 2022"]
[Source "ChessBase"]
[SourceDate "2021.10.06"]
[SourceVersion "1"]
[SourceVersionDate "2021.10.06"]
[SourceQuality "1"]

1. Nc3 Nf6 2. e4 d6 3. d4 g6 4. f4 Bg7 5. e5 dxe5 6. dxe5 Nfd7 7. Nf3 e6 8. b3 b6 9. Ne4 Bb7 10. Bd3 Qe7 11. a4 Bxe4 12. Bxe4 Qb4+ 13. Nd2 c6 14. Qf3 Qc5 15. Ba3 Qa5 16. Bxc6 Nxc6 17. Qxc6 Rd8 18. 0-0-0 Qd5 19. Qc7 Qd4 20. g3 Bf8 21. Bxf8 Rxf8 22. Qc4 Nc5 23. Qxd4 Rxd4 24. Nc4 Rxd1+ 25. Rxd1 h5 26. Nd6+ Ke7 27. Kb2 Rg8 28. Ka3 Nd7 29. Nxf7 1-0

[Event "GER-ch Seniors 18th"]
[Site "Dresden"]
[Date "2006.07.22"]
[Round "1"]
[White "Andrich, Hans Ludwig"]
[Black "Bodenstein, Joachim"]
[Result "0-1"]
[WhiteElo "1687"]
[BlackElo "1908"]
[PlyCount "86"]
[EventDate "2006.07.22"]
[EventType "swiss"]
[EventRounds "9"]
[EventCountry "GER"]
[SourceTitle "EXT 2022"]
[Source "ChessBase"]
[SourceDate "2021.10.06"]
[SourceVersion "1"]
[SourceVersionDate "2021.10.06"]
[SourceQuality "1"]

1. d4 d5 2. Nf3 Nc6 3. Bf4 Bg4 4. e3 Nf6 5. Be2 Nh5 6. 0-0 Nxf4 7. exf4 e6 8. c3 Qf6 9. Ne5 Bxe2 10. Qxe2 Bd6 11. Qb5 0-0-0 12. Nxc6 bxc6 13. Qxc6 Qxf4 14. g3 Qf6 15. Nd2 h5 16. Qa6+ Kd7 17. Qe2 h4 18. Qg4 Qh6 19. Nf3 hxg3 20. fxg3 Qe3+ 21. Kg2 Rh7 22. Rae1 Qh6 23. h3 f5 24. Qh4 Qxh4 25. gxh4 Rh6 26. Kf2 Rb8 27. b3 Rb6 28. Rg1 g6 29. Re2 c5 30. Rge1 cxd4 31. cxd4 Rc6 32. Ne5+ Bxe5 33. dxe5 Rxh4 34. Rg1 Rxh3 35. Rxg6 Rh2+ 36. Rg2 Rxg2+ 37. Kxg2 Rc3 38. Kf1 Kc6 39. Ke1 d4 40. Kd2 Rg3 41. Rh2 Kd5 42. Rh7 Rg2+ 43. Kd3 Rxa2 0-1

[Event "Niedersachsen-ch Seniors op 09th"]
[Site "Bad Bevensen"]
[Date "2006.06.29"]
[Round "6"]
[White "Bodenstein, Joachim"]
[Black "Peleikis, Horst"]
[Result "1-0"]
[WhiteElo "1899"]
[BlackElo "1944"]
[PlyCount "115"]
[EventDate "2006.06.24"]
[EventType "swiss"]
[EventRounds "9"]
[EventCountry "GER"]
[SourceTitle "EXT 2022"]
[Source "ChessBase"]
[SourceDate "2021.10.06"]
[SourceVersion "1"]
[SourceVersionDate "2021.10.06"]
[SourceQuality "1"]

1. e4 c5 2. Nf3 d6 3. d4 cxd4 4. Nxd4 Nf6 5. Nc3 g6 6. Be3 Bg7 7. f3 a6 8. Qd2 Nbd7 9. Bh6 Bxh6 10. Qxh6 b5 11. a4 b4 12. Nd5 Nxd5 13. Qg7 Rf8 14. exd5 Nf6 15. Bc4 Qb6 16. 0-0-0 Bb7 17. Rhe1 Nd7 18. Nc6 Bxc6 19. dxc6 Ne5 20. Rxd6 Nxc4 21. Rd7 Ne3 22. Qe5 e6 23. Qd6 Qd8 24. Rxd8+ Rxd8 25. Qc7 Nd5 26. Qb7 Ne7 27. c7 Rc8 28. Rd1 f6 29. Qb6 Kf7 30. Rd7 Rfe8 31. Rd8 Nd5 32. Qb8 Ne7 33. Rxe8 Kxe8 34. Kd2 Kd7 35. Qxb4 Rxc7 36. Qd4+ Ke8 37. Qxf6 Rd7+ 38. Ke2 Ng8 39. Qh8 Kf8 40. Qc3 Kf7 41. Qc6 Nf6 42. Qxa6 Nd5 43. g3 Rc7 44. c4 Ne7 45. b4 Nf5 46. c5 Kf6 47. Qc4 e5 48. b5 Rd7 49. c6 Rd4 50. Qa2 Rd8 51. c7 Rc8 52. b6 Nd4+ 53. Kd3 Nc6 54. Qf2 Ke6 55. Qc5 Ne7 56. b7 Rf8 57. b8Q Rxf3+ 58. Ke2 1-0

[Event "Niedersachsen-ch Seniors 40th"]
[Site "Wingst"]
[Date "2006.04.05"]
[Round "2"]
[White "Bodenstein, Joachim"]
[Black "Rehe, Walter"]
[Result "1-0"]
[WhiteElo "1914"]
[BlackElo "1955"]
[PlyCount "79"]
[EventDate "2006.04.04"]
[EventType "swiss"]
[EventRounds "9"]
[EventCountry "GER"]
[SourceTitle "EXT 2007"]
[Source "ChessBase"]
[SourceDate "2006.11.23"]
[SourceVersion "1"]
[SourceVersionDate "2006.11.23"]
[SourceQuality "1"]

1. e4 e6 2. d4 d5 3. Nc3 Bb4 4. Nge2 dxe4 5. a3 Ba5 6. b4 Bb6 7. Nxe4 a5 8. Bb2 Nf6 9. N2g3 0-0 10. Nxf6+ Qxf6 11. Bd3 Rd8 12. Nh5 Qg5 13. Be4 g6 14. Ng3 e5 15. Qf3 exd4 16. h4 Qe7 17. Kf1 Nc6 18. Bxc6 bxc6 19. Qxc6 Bd7 20. Qe4 Qd6 21. h5 g5 22. Nf5 Qf6 23. Ne7+ Kh8 24. Nd5 Qd6 25. Nxb6 Bb5+ 26. Kg1 cxb6 27. Rd1 Bc6 28. Qxd4+ Qxd4 29. Rxd4 Rxd4 30. Bxd4+ Kg8 31. Kh2 axb4 32. axb4 b5 33. Re1 h6 34. Re7 Bd5 35. Rd7 Rb8 36. Rxd5 Rc8 37. Rc5 Rd8 38. c3 Rb8 39. Kg3 Rb7 40. Rc8+ 1-0

[Event "Chiemgau Seniors Cup 1st"]
[Site "Bergen"]
[Date "2005.10.16"]
[Round "6"]
[White "Bierbach, Utz Friedrich"]
[Black "Bodenstein, Joachim"]
[Result "0-1"]
[WhiteElo "1988"]
[BlackElo "2015"]
[PlyCount "86"]
[EventDate "2005.10.11"]
[EventType "swiss"]
[EventRounds "9"]
[EventCountry "GER"]
[SourceTitle "EXT 2007"]
[Source "ChessBase"]
[SourceDate "2006.11.23"]
[SourceVersion "1"]
[SourceVersionDate "2006.11.23"]
[SourceQuality "1"]

1. d4 d5 2. e3 Nc6 3. c4 e5 4. cxd5 Qxd5 5. Nc3 Bb4 6. Bd2 Qd6 7. a3 exd4 8. axb4 dxc3 9. Bxc3 Qxd1+ 10. Rxd1 f6 11. Nf3 Bd7 12. Be2 Nh6 13. 0-0 Nf7 14. Nd4 Nd6 15. Bh5+ g6 16. Bf3 0-0 17. Bd5+ Kg7 18. Ne6+ Bxe6 19. Bxe6 Rad8 20. Bb3 a6 21. f3 Nf5 22. Kf2 Rfe8 23. Rfe1 Ne5 24. Bxe5 fxe5 25. Rxd8 Rxd8 26. Ke2 Kf6 27. Rc1 c6 28. Rc5 Ne7 29. g3 Nd5 30. Bxd5 Rxd5 31. Rxd5 cxd5 32. Kd3 Ke6 33. f4 Kf5 34. h3 h5 35. g4+ Ke6 36. Kc3 b6 37. b3 Kf6 38. fxe5+ Kxe5 39. Kd3 hxg4 40. hxg4 g5 41. Kd2 Ke4 42. Ke2 d4 43. exd4 Kxd4 0-1

[Event "Chiemgau Seniors Cup 1st"]
[Site "Bergen"]
[Date "2005.10.14"]
[Round "4"]
[White "Bodenstein, Joachim"]
[Black "Wieprecht, Gerhard"]
[Result "1/2-1/2"]
[WhiteElo "2015"]
[BlackElo "1949"]
[PlyCount "112"]
[EventDate "2005.10.11"]
[EventType "swiss"]
[EventRounds "9"]
[EventCountry "GER"]
[SourceTitle "EXT 2007"]
[Source "ChessBase"]
[SourceDate "2006.11.23"]
[SourceVersion "1"]
[SourceVersionDate "2006.11.23"]
[SourceQuality "1"]

1. e4 e5 2. Nf3 Nc6 3. c3 d5 4. Bb5 dxe4 5. Nxe5 Qd5 6. Qa4 Nge7 7. f4 exf3 8. Nxf3 Bd7 9. 0-0 0-0-0 10. d4 Kb8 11. Ng5 f6 12. Bc4 Nxd4 13. Bxd5 Bxa4 14. Nf7 Nc2 15. Be4 Nxa1 16. Nxd8 Ng6 17. Nxb7 Bc2 18. Bf3 Bxb1 19. Be3 Nc2 20. Bf2 Bxa2 21. Rc1 Ne5 22. Be4 Bb3 23. Na5 Ba4 24. b3 Bb5 25. Bxc2 Be7 26. Be4 Rd8 27. Ra1 c5 28. Nb7 Rd7 29. Nxc5 Bxc5 30. Bxc5 Bc6 31. Bxc6 Nxc6 32. Re1 Ne5 33. Bd4 Nc6 34. Re8+ Kb7 35. Rg8 Nxd4 36. cxd4 Kc6 37. Kf2 Re7 38. Kf3 g6 39. Rc8+ Kb7 40. Rh8 Kc6 41. Rc8+ Kb7 42. Rf8 f5 43. h4 Kc6 44. h5 Kd5 45. Rd8+ Kc6 46. hxg6 hxg6 47. Rg8 Re6 48. Rc8+ Kd5 49. Rd8+ Rd6 50. Rc8 Kxd4 51. Ra8 a6 52. Rc8 Rb6 53. Kf4 Rxb3 54. Rc6 g5+ 55. Kxf5 Rg3 56. Rxa6 Rxg2 1/2-1/2

[Event "Wch Seniors 14th"]
[Site "Halle"]
[Date "2004.11.05"]
[Round "11"]
[White "Koksch, Guenther"]
[Black "Bodenstein, Joachim"]
[Result "1-0"]
[WhiteElo "2131"]
[BlackElo "2019"]
[PlyCount "61"]
[EventDate "2004.10.24"]
[EventType "swiss"]
[EventRounds "11"]
[EventCountry "GER"]
[SourceTitle "EXT 2005"]
[Source "ChessBase"]
[SourceDate "2004.11.15"]
[SourceVersion "1"]
[SourceVersionDate "2004.11.15"]
[SourceQuality "1"]

1. d4 d5 2. Nc3 Nf6 3. Bg5 Nbd7 4. f3 h6 5. Bf4 Nh5 6. Be3 c6 7. g4 Nhf6 8. Bf4 g5 9. Bg3 h5 10. e3 Qb6 11. Rb1 hxg4 12. fxg4 Ne4 13. Nxe4 dxe4 14. c3 Nf6 15. Be2 Be6 16. b3 Qa5 17. Qd2 Nxg4 18. Bxg4 Bxg4 19. Kf1 0-0-0 20. Kg2 Rd5 21. h3 Bh5 22. Qc2 Rf5 23. b4 Qd5 24. c4 Qe6 25. d5 Qg6 26. dxc6 bxc6 27. Qa4 Rf3 28. Qa6+ Kd7 29. Rd1+ Ke6 30. Qxc6+ Kf5 31. Rd5+ 1-0

[Event "Wch Seniors 14th"]
[Site "Halle"]
[Date "2004.11.04"]
[Round "10"]
[White "Belokopyt, Boris Khaimovich"]
[Black "Bodenstein, Joachim"]
[Result "1/2-1/2"]
[WhiteElo "2109"]
[BlackElo "2019"]
[PlyCount "114"]
[EventDate "2004.10.24"]
[EventType "swiss"]
[EventRounds "11"]
[EventCountry "GER"]
[SourceTitle "EXT 2005"]
[Source "ChessBase"]
[SourceDate "2004.11.15"]
[SourceVersion "1"]
[SourceVersionDate "2004.11.15"]
[SourceQuality "1"]

1. e4 e5 2. Nf3 Nc6 3. Nc3 Nf6 4. d4 exd4 5. Nd5 Nxe4 6. Qe2 f5 7. Ng5 d3 8. cxd3 Nd4 9. Qh5+ g6 10. Qh4 c6 11. Nc3 Nxc3 12. Qxd4 Qe7+ 13. Qe3 Bg7 14. Qxe7+ Kxe7 15. h4 h6 16. Nh3 Re8 17. Kd2 Nb5 18. Nf4 Kf7 19. Rh3 d6 20. Rb1 Bd7 21. a4 Nd4 22. b3 g5 23. Ne2 f4 24. Rh1 Be6 25. Nxd4 Bxd4 26. Be2 g4 27. Ba3 Bxf2 28. Bxd6 Be3+ 29. Kc2 Rad8 30. Bxf4 Bxf4 31. Rhf1 Rd4 32. Kc3 c5 33. g3 Bf5 34. Rb2 Re3 35. Rxf4 Rxf4 36. gxf4 Rh3 37. b4 cxb4+ 38. Rxb4 b6 39. a5 bxa5 40. Rb5 Ke6 41. Rxa5 Rxh4 42. Ra6+ Ke7 43. Rxa7+ Bd7 44. f5 g3 45. Bf3 Kd6 46. d4 Bxf5 47. Ra6+ Ke7 48. d5 Be4 49. Bxe4 Rxe4 50. Rg6 Re3+ 51. Kd4 Ra3 52. Rxh6 Ra4+ 53. Ke5 Rg4 54. Rh7+ Ke8 55. Rh1 g2 56. Rg1 Kf7 57. Kf5 Rg8 1/2-1/2

[Event "Wch Seniors 14th"]
[Site "Halle"]
[Date "2004.11.02"]
[Round "8"]
[White "Hicker, Harald"]
[Black "Bodenstein, Joachim"]
[Result "0-1"]
[WhiteElo "2144"]
[BlackElo "2019"]
[PlyCount "62"]
[EventDate "2004.10.24"]
[EventType "swiss"]
[EventRounds "11"]
[EventCountry "GER"]
[SourceTitle "EXT 2005"]
[Source "ChessBase"]
[SourceDate "2004.11.15"]
[SourceVersion "1"]
[SourceVersionDate "2004.11.15"]
[SourceQuality "1"]

1. Nf3 Nc6 2. d4 d5 3. c4 Bg4 4. e3 e5 5. dxe5 dxc4 6. Qa4 Bxf3 7. gxf3 Qd5 8. Nd2 b5 9. Qc2 Nxe5 10. Qe4 Nf6 11. Qxd5 Nxd5 12. f4 Nd3+ 13. Ke2 g6 14. Bg2 0-0-0 15. a4 c3 16. bxc3 Nxc3+ 17. Kf3 Nxa4 18. Nb3 Bg7 19. Ra2 c5 20. Bd2 c4 21. Nc1 Bb2 22. Nxd3 Rxd3 23. Ba5 Kb7 24. Rb1 Rb3 25. Rd1 c3 26. Rd7+ Ka6 27. Bxc3 Rxc3 28. Rxf7 h5 29. Bf1 Kb6 30. Rf6+ Kc5 31. Rxg6 Kb4 0-1

[Event "Wch Seniors 14th"]
[Site "Halle"]
[Date "2004.10.30"]
[Round "7"]
[White "Bodenstein, Joachim"]
[Black "Schulz, Hermann"]
[Result "1-0"]
[WhiteElo "2019"]
[BlackElo "1643"]
[PlyCount "31"]
[EventDate "2004.10.24"]
[EventType "swiss"]
[EventRounds "11"]
[EventCountry "GER"]
[SourceTitle "EXT 2005"]
[Source "ChessBase"]
[SourceDate "2004.11.15"]
[SourceVersion "1"]
[SourceVersionDate "2004.11.15"]
[SourceQuality "1"]

1. e4 c5 2. Nf3 d6 3. d4 cxd4 4. Nxd4 Nf6 5. Nc3 a6 6. Bc4 e6 7. Bb3 Be7 8. 0-0 0-0 9. f4 Qc7 10. f5 exf5 11. Nxf5 Nc6 12. Bg5 Be6 13. Nxe7+ Qxe7 14. Rf4 Bxb3 15. Bxf6 gxf6 16. axb3 1-0

[Event "Brandenburg-ch Seniors 12th"]
[Site "Lindow/Mark"]
[Date "2004.09.21"]
[Round "4"]
[White "Troeger, Rainer"]
[Black "Bodenstein, Joachim"]
[Result "1/2-1/2"]
[WhiteElo "2048"]
[BlackElo "1873"]
[PlyCount "114"]
[EventDate "2004.09.18"]
[EventType "swiss"]
[EventRounds "9"]
[EventCountry "GER"]
[SourceTitle "EXT 2006"]
[Source "ChessBase"]
[SourceDate "2005.11.24"]
[SourceVersion "1"]
[SourceVersionDate "2005.11.24"]
[SourceQuality "1"]

1. Nf3 Nc6 2. g3 e5 3. d3 f5 4. Bg2 Nf6 5. c4 Bb4+ 6. Nfd2 0-0 7. a3 Bc5 8. Nc3 a5 9. 0-0 Kh8 10. e3 Ne7 11. Nb3 d6 12. d4 Bb6 13. Na4 c6 14. Qe2 e4 15. Rd1 Bc7 16. Nc3 a4 17. Nd2 Be6 18. Nf1 Bf7 19. Rb1 d5 20. c5 Bh5 21. f3 exf3 22. Bxf3 Bxf3 23. Qxf3 Ne4 24. Bd2 Nc8 25. Ne2 Ne7 26. Nf4 Rf6 27. h4 Qd7 28. b3 Qc8 29. Bb4 Ng8 30. Rd3 Nh6 31. Qd1 Ng4 32. Be1 axb3 33. Rdxb3 Ra7 34. R1b2 Rf7 35. Nh2 Nxh2 36. Rxh2 Nf6 37. Rhb2 Re7 38. Qb1 Bd8 39. Bf2 Ng4 40. Kg2 Qa8 41. Qxf5 Nf6 42. Qd3 Qc8 43. Qb1 Ne4 44. Be1 g5 45. hxg5 Nxg5 46. Kh1 Bc7 47. Rh2 Rg7 48. Rh4 Nf3 49. Rh6 Qg4 50. Qd1 Bxf4 51. exf4 Nxe1 52. Qxe1 Ra8 53. Re3 Rag8 54. Kh2 Rg6 55. Rh4 Qf5 56. Re7 Qc2+ 57. Kh1 Rxg3 1/2-1/2

[Event "Brandenburg-ch Seniors 12th"]
[Site "Lindow/Mark"]
[Date "2004.09.18"]
[Round "1"]
[White "Bodenstein, Joachim"]
[Black "Junge, Karl Heinz"]
[Result "1-0"]
[WhiteElo "1873"]
[BlackElo "1582"]
[PlyCount "63"]
[EventDate "2004.09.18"]
[EventType "swiss"]
[EventRounds "9"]
[EventCountry "GER"]
[SourceTitle "EXT 2006"]
[Source "ChessBase"]
[SourceDate "2005.11.24"]
[SourceVersion "1"]
[SourceVersionDate "2005.11.24"]
[SourceQuality "1"]

1. Nc3 g6 2. e4 Bg7 3. f4 d6 4. Nf3 Nc6 5. Bc4 a6 6. 0-0 b5 7. Bd5 Bd7 8. a3 e6 9. Ba2 Nf6 10. d4 0-0 11. e5 Ng4 12. Ng5 Nh6 13. Nce4 d5 14. Nc5 Nf5 15. c3 Bc8 16. Bb1 Nfe7 17. h4 h6 18. Nh3 Nf5 19. h5 Ng3 20. Rf3 Nxh5 21. g4 Nf6 22. exf6 Bxf6 23. Nd3 Bg7 24. Ne5 Nxe5 25. fxe5 c5 26. Nf2 Kh7 27. Rh3 Rh8 28. g5 Bf8 29. Ng4 h5 30. Rxh5+ Kg7 31. Rxh8 Kxh8 32. Qf3 1-0

[Event "GER North-ch Seniors 7th"]
[Site "Bad Bevensen"]
[Date "2004.06.20"]
[Round "2"]
[White "Erhart, Uwe"]
[Black "Bodenstein, Joachim"]
[Result "0-1"]
[WhiteElo "2136"]
[BlackElo "2008"]
[PlyCount "92"]
[EventDate "2004.06.19"]
[EventType "swiss"]
[EventRounds "9"]
[EventCountry "GER"]
[SourceTitle "EXT 2006"]
[Source "ChessBase"]
[SourceDate "2005.11.24"]
[SourceVersion "1"]
[SourceVersionDate "2005.11.24"]
[SourceQuality "1"]

1. e4 e5 2. Nf3 Nc6 3. Bb5 f5 4. Nc3 fxe4 5. Nxe4 d5 6. Nxe5 dxe4 7. Nxc6 Qg5 8. Qe2 Nf6 9. f4 Qxf4 10. d4 Qd6 11. Nxa7+ Bd7 12. Bxd7+ Qxd7 13. Nb5 c6 14. Nc3 Qxd4 15. Be3 Qe5 16. Rd1 Bb4 17. Bd4 Qe6 18. a3 Bxc3+ 19. Bxc3 0-0 20. 0-0 Nd5 21. Bd4 Nf4 22. Qe3 Qg4 23. Rd2 Nd5 24. Qe1 Rxf1+ 25. Kxf1 Qf4+ 26. Rf2 Qg4 27. h3 Qg6 28. Kg1 Re8 29. c4 e3 30. Rf3 Qd3 31. cxd5 Qxd4 32. dxc6 e2+ 33. Kh2 Qd6+ 34. g3 bxc6 35. Kg2 Qd1 36. Kf2 h6 37. a4 Qd4+ 38. Kg2 Qxb2 39. a5 Qd4 40. a6 Qd1 41. Kf2 Qd4+ 42. Kg2 Qe4 43. Kf2 Qd4+ 44. Kg2 Qa4 45. Rd3 Qe4+ 46. Rf3 Rf8 0-1

[Event "Wch Seniors 13th"]
[Site "Bad Zwischenahn"]
[Date "2003.??.??"]
[Round "?"]
[White "Bodenstein, Joachim"]
[Black "Lentze, Ingo"]
[Result "0-1"]
[WhiteElo "1860"]
[BlackElo "2070"]
[PlyCount "102"]
[EventDate "2003.11.16"]
[EventType "swiss"]
[EventRounds "11"]
[EventCountry "GER"]
[SourceTitle "CBM 097 Extra"]
[Source "ChessBase"]
[SourceDate "2004.01.13"]
[SourceVersion "1"]
[SourceVersionDate "2004.01.13"]
[SourceQuality "1"]

1. e4 c5 2. Nf3 d6 3. d4 cxd4 4. Nxd4 Nf6 5. Nc3 a6 6. Bc4 e6 7. Bb3 b5 8. 0-0 Be7 9. Qf3 Ra7 10. Be3 Rc7 11. Rfd1 Bd7 12. Qg3 0-0 13. Bh6 Ne8 14. Be3 Bh4 15. Qg4 Bf6 16. Qe2 Nc6 17. f4 Qb8 18. Qf2 Na5 19. f5 Nc4 20. Bxc4 Rxc4 21. a3 Be5 22. Rf1 Nf6 23. h3 Qb7 24. Rad1 Rxc3 25. bxc3 Nxe4 26. Qf3 exf5 27. Nxf5 Bxf5 28. Qxf5 Ng3 29. Qf3 Qxf3 30. Rxf3 Ne2+ 31. Kf2 Nxc3 32. Rd3 Rc8 33. Kg1 Ne4 34. Bd4 Nc5 35. Rd2 Ne6 36. Bxe5 dxe5 37. Rfd3 g6 38. Rd6 a5 39. Rb6 Nd4 40. Kf2 Rc3 41. Rd3 Rxc2+ 42. Kg3 Kg7 43. h4 h5 44. Ra6 a4 45. Rb6 Rb2 46. Rxd4 exd4 47. Kf3 Rb3+ 48. Ke4 Rxa3 49. Rxb5 Rg3 50. Kxd4 Rxg2 51. Ke3 Rg4 0-1

[Event "Wch Seniors 13th"]
[Site "Bad Zwischenahn"]
[Date "2003.??.??"]
[Round "?"]
[White "Bodenstein, Joachim"]
[Black "Rudolph, Joachim"]
[Result "1-0"]
[WhiteElo "1860"]
[BlackElo "1650"]
[PlyCount "67"]
[EventDate "2003.11.16"]
[EventType "swiss"]
[EventRounds "11"]
[EventCountry "GER"]
[SourceTitle "CBM 097 Extra"]
[Source "ChessBase"]
[SourceDate "2004.01.13"]
[SourceVersion "1"]
[SourceVersionDate "2004.01.13"]
[SourceQuality "1"]

1. e4 e6 2. d4 d5 3. Nc3 Nf6 4. Bg5 Be7 5. e5 Nfd7 6. h4 Nc6 7. Qg4 f6 8. exf6 Nxf6 9. Qd1 Bd7 10. Nf3 Ne4 11. Nxe4 dxe4 12. Nd2 Nxd4 13. Nxe4 Nf5 14. Nc5 Nd6 15. Bd3 Bxg5 16. Qh5+ Kf8 17. hxg5 b6 18. Nxd7+ Qxd7 19. Qf3+ Ke7 20. Bxh7 Raf8 21. Qc3 Kd8 22. 0-0-0 Rxf2 23. Bd3 Rxh1 24. Rxh1 Rxg2 25. Rh8+ Ne8 26. g6 Rg1+ 27. Kd2 Qd6 28. Qc4 Rxg6 29. Kc3 Rg5 30. Qh4 Kd7 31. Qxg5 c5 32. Qe3 Ke7 33. Qg5+ Nf6 34. Qxg7# 1-0

[Event "Wch Seniors 13th"]
[Site "Bad Zwischenahn"]
[Date "2003.??.??"]
[Round "?"]
[White "Hobusch, Werner"]
[Black "Bodenstein, Joachim"]
[Result "1-0"]
[WhiteElo "1995"]
[BlackElo "1860"]
[PlyCount "76"]
[EventDate "2003.11.16"]
[EventType "swiss"]
[EventRounds "11"]
[EventCountry "GER"]
[SourceTitle "CBM 097 Extra"]
[Source "ChessBase"]
[SourceDate "2004.01.13"]
[SourceVersion "1"]
[SourceVersionDate "2004.01.13"]
[SourceQuality "1"]

1. e4 e5 2. Nf3 Nc6 3. Bb5 f5 4. Nc3 fxe4 5. Nxe4 d5 6. Nxe5 dxe4 7. Nxc6 Qg5 8. Qe2 Nf6 9. f4 Qxf4 10. Rf1 Qxh2 11. Nxa7+ c6 12. Nxc6 Bd6 13. Ne5+ Ke7 14. d4 Qg3+ 15. Qf2 Bxe5 16. dxe5 Qxe5 17. a4 Be6 18. Qf4 Qxf4 19. Bxf4 Rhd8 20. Rd1 Bg4 21. Rxd8 Rxd8 22. Be2 h6 23. Bd2 Bxe2 24. Kxe2 Ke6 25. Bc3 Ra8 26. a5 Rc8 27. Rc1 Rc5 28. Bd2 Ng4 29. b4 Rh5 30. c4 Rh2 31. Rg1 Ke5 32. b5 Kd4 33. a6 bxa6 34. bxa6 e3 35. a7 Rh5 36. a8Q exd2 37. Kxd2 Re5 38. Qd8+ Kxc4 1-0

[Event "Wch Seniors 13th"]
[Site "Bad Zwischenahn"]
[Date "2003.??.??"]
[Round "?"]
[White "Ivanets, Vladimir"]
[Black "Bodenstein, Joachim"]
[Result "1-0"]
[WhiteElo "2270"]
[BlackElo "1860"]
[PlyCount "99"]
[EventDate "2003.11.16"]
[EventType "swiss"]
[EventRounds "11"]
[EventCountry "GER"]
[SourceTitle "CBM 097 Extra"]
[Source "ChessBase"]
[SourceDate "2004.01.13"]
[SourceVersion "1"]
[SourceVersionDate "2004.01.13"]
[SourceQuality "1"]

1. e4 e5 2. d4 exd4 3. Nf3 Nc6 4. Nxd4 Nf6 5. Nxc6 bxc6 6. Bd3 d5 7. e5 Ng4 8. Bf4 Bc5 9. 0-0 f6 10. Nd2 fxe5 11. Bxe5 Nxe5 12. Qh5+ Nf7 13. Nb3 Bd6 14. Rae1+ Kf8 15. f4 g6 16. Qf3 Qh4 17. c4 Bg4 18. Qe3 Kg7 19. c5 Rhe8 20. Qd4+ Qf6 21. cxd6 Qxd4+ 22. Nxd4 c5 23. Nb5 cxd6 24. Nc7 Rxe1 25. Rxe1 Rb8 26. b3 d4 27. h3 Bf5 28. Bc4 Kf8 29. g4 Bd7 30. Kf2 Rc8 31. Nd5 Re8 32. Nf6 Re7 33. Nxh7+ Ke8 34. Nf6+ Kd8 35. Rxe7 Kxe7 36. Nxd7 Nd8 37. Nb8 a5 38. Bd5 Kf6 39. h4 Kg7 40. g5 Kf8 41. Nd7+ Ke7 42. Nb6 Ne6 43. Bxe6 Kxe6 44. Nc4 a4 45. bxa4 Kd5 46. a5 d3 47. a6 Kc6 48. a7 Kb7 49. Nxd6+ Kxa7 50. Ke3 1-0